El burlador de Sevilla: poema en tres actos en verso y original

Gespeichert in:
Bibliographische Detailangaben
1. Verfasser: Villaespesa, Francisco (VerfasserIn)
Format: Buch
Sprache:Spanisch
Veröffentlicht: Madrid La Farsa 1928
Schlagworte:
Tags: Tag hinzufügen
Keine Tags, Fügen Sie den ersten Tag hinzu!

MARC

LEADER 00000nam a2200000 a 4500
001 UCZ1712
003 CL-VaPUC
008 950831e19280000SP |||||||||||||||||spa|d
082 0 4 |a 862  |b VIL  |2 21 
100 0 |a Villaespesa, Francisco  |e author  |9 345349 
245 1 3 |a El burlador de Sevilla: poema en tres actos en verso y original 
300 |a 69 p 
942 |c BK 
945 |d 19950831 00:00:00  |a rbrito 
260 |a Madrid  |b La Farsa  |c 1928 
650 0 |a Drama español  |9 265098 
583 |a last modification  |c 19950831 00:00:00  |k Rodrigo Vera 
999 |c 238420  |d 238418 
952 |0 0  |1 0  |4 0  |6 862_000000000000000_VIL_1928  |7 0  |8 A  |9 248593  |a BIBEDU  |b BIBEDU  |d 2019-11-18  |i 3106713  |l 1  |o 862 VIL 1928  |p 3106713  |r 2024-06-08  |s 2024-06-06  |w 2019-11-18  |y BK  |k LIT